Administrative Divisions of Nazi Germany (with a Map) - Statistics

General Stats
  • This quiz has been taken 11,621 times
  • The average score is 26 of 51
Answers on the Map
Answers color-coded by a green-red scale on the quiz's map according to % correct below.
 
Answer Stats
Answer % Correct
Berlin
97%
Munich-Upper Bavaria
89%
Hamburg
88%
Saxony
83%
Vienna
83%
Danzig-West Prussia
82%
Bohemia and Moravia
78%
March of Brandenburg
78%
Schleswig-Holstein
78%
Baden-Alsace
76%
East Prussia
76%
Tyrol-Vorarlberg
73%
Alsace
68%
Pomerania
68%
Lower Silesia
67%
Upper Silesia
67%
Hesse-Nassau
66%
Mecklenburg
64%
Lorraine
62%
Sudetenland
62%
Magdeburg-Anhalt
60%
Salzburg
57%
Southern Hanover-Brunswick
57%
Thuringia
57%
Lower Danube
56%
Upper Danube
56%
Württemberg-Hohenzollern
54%
Cologne-Aachen
53%
Eastern Hanover
52%
Styria
47%
Westmark
47%
Carinthia
41%
Lower Styria
41%
Westphalia-North
41%
Westphalia-South
41%
Wartheland
40%
Düsseldorf
35%
Franconia
33%
General Government
33%
Essen
30%
Swabia
27%
Moselland
25%
Upper Carniola
22%
Bialystok
18%
Bayreuth
17%
Weser-Ems
17%
Halle-Merseburg
16%
Alpine Foothills
15%
Adriatic Littoral
13%
Main Franconia
12%
Electoral Hesse
10%
No matching quizzes found
Score Distribution
Percent of People with Each Score
Percentile by Number Answered
Your Score History
You have not taken this quiz